000 00311nam a22001217a 4500
008 180427b xxu||||| |||| 00| 0 eng d
041 _aeng
080 _a043.3
100 _a0
101 _aMBE-BA
245 _aLidershipi Efektiv dhe Inovacionet ne Ndermarrjet e Vogla dhe te mesme
_cGoga, J
942 _2udc
_cBK
999 _c45624
_d45624